Normal view MARC view
  • Lerangis, Peter

Entry Personal Name

Number of records used in: 2

001 - CONTROL NUMBER

  • control field: 40214

003 - CONTROL NUMBER IDENTIFIER

  • control field: OSt

005 - DATE AND TIME OF LATEST TRANSACTION

  • control field: 20160616135517.0

008 - FIXED-LENGTH DATA ELEMENTS

  • fixed length control field: 160616|| aca||aabn | a|a d

040 ## - CATALOGING SOURCE

  • Original cataloging agency: OSt

100 1# - HEADING--PERSONAL NAME

  • Personal name: Lerangis, Peter

550 1# - SEE ALSO FROM TRACING--TOPICAL TERM

  • Topical term or geographic name entry element: Blair, Alison

550 1# - SEE ALSO FROM TRACING--TOPICAL TERM

  • Topical term or geographic name entry element: Burke, Morgan

550 1# - SEE ALSO FROM TRACING--TOPICAL TERM

  • Topical term or geographic name entry element: Cooper, M. E.

550 1# - SEE ALSO FROM TRACING--TOPICAL TERM

  • Topical term or geographic name entry element: Singer, A. L.

550 1# - SEE ALSO FROM TRACING--TOPICAL TERM

  • Topical term or geographic name entry element: Sprengle, Artie,
  • General subdivision: 1955-

550 1# - SEE ALSO FROM TRACING--TOPICAL TERM

  • Topical term or geographic name entry element: Volting, R. E.

550 1# - SEE ALSO FROM TRACING--TOPICAL TERM

  • Topical term or geographic name entry element: Nesbitt, Paterson